000
00304nam a22001097a 4500
008
151202b xxu||||| |||| 00| 0 eng d
020
_a
0618052917
100
_a
Ron Larson Robert P.Hostetler Bruce H.Edwards
245
_a
Precalculus with Limits
_b
A Graphing Approach
250
_a
3RD ED
260
_c
2001
999
_c
251683
_d
251683